Loading...
| Science - Chemistry | 0 | 9 | 1 | 1 | 85 | 45 | 66.56 | 0 | 3 | 0.00 | 0.00 |
| Science - Other | 0 | 8 | 1 | 1 | 75 | 23 | 58.63 | 2 | 4 | 0.00 | 0.00 |
| Philosophy | 0 | 4 | 0 | 0 | 40 | 62 | 80.25 | 0 | 1 | 0.00 | 0.00 |
| Religion | 0 | 4 | 1 | 0 | 35 | 47 | 75.50 | 1 | 3 | 0.00 | 0.00 |
| Science - Biology | 0 | 5 | 3 | 1 | 35 | 42 | 67.40 | 0 | 1 | 0.00 | 0.00 |
| Literature - World | 0 | 3 | 0 | 1 | 30 | 94 | 106.00 | 0 | 0 | 0.00 | 0.00 |
| History - Other | 0 | 2 | 1 | 1 | 15 | 91 | 102.50 | 0 | 0 | 0.00 | 0.00 |
| Fine Arts - Classical Music | 0 | 2 | 1 | 1 | 15 | 59 | 83.00 | 0 | 1 | 0.00 | 0.00 |
| Literature - British | 0 | 2 | 1 | 0 | 15 | 93 | 106.00 | 0 | 0 | 0.00 | 0.00 |
| Literature - European | 0 | 2 | 1 | 1 | 15 | 82 | 103.50 | 0 | 1 | 0.00 | 0.00 |
| Social Science | 0 | 2 | 1 | 1 | 15 | 70 | 86.50 | 0 | 0 | 0.00 | 0.00 |
| Mythology | 0 | 1 | 0 | 1 | 10 | 112 | 112.00 | 0 | 0 | 0.00 | 0.00 |
| Literature - American | 0 | 1 | 0 | 0 | 10 | 90 | 90.00 | 0 | 0 | 0.00 | 0.00 |
| Current Events | 0 | 1 | 0 | 1 | 10 | 101 | 101.00 | 0 | 0 | 0.00 | 0.00 |
| Painting/Sculpture | 0 | 1 | 0 | 1 | 10 | 116 | 116.00 | 0 | 0 | 0.00 | 0.00 |
| Pop Culture | 0 | 1 | 0 | 0 | 10 | 49 | 49.00 | 0 | 1 | 0.00 | 0.00 |
| History - World | 0 | 1 | 1 | 0 | 5 | 50 | 50.00 | 0 | 0 | 0.00 | 0.00 |
| Science - Physics | 0 | 2 | 3 | 0 | 5 | 39 | 51.00 | 0 | 2 | 0.00 | 0.00 |
| History - American | 0 | 1 | 1 | 1 | 5 | 105 | 105.00 | 0 | 0 | 0.00 | 0.00 |